Disease prevention through vector control: (Record no. 4493)

MARC details
000 -LEADER
fixed length control field 00569nam a22001937a 4500
003 - CONTROL NUMBER IDENTIFIER
control field OSt
005 - DATE AND TIME OF LATEST TRANSACTION
control field 20160627160608.0
008 - FIXED-LENGTH DATA ELEMENTS--GENERAL INFORMATION
fixed length control field 160627b xxu||||| |||| 00| 0 eng d
020 ## - INTERNATIONAL STANDARD BOOK NUMBER
International Standard Book Number 085598306x
040 ## - CATALOGING SOURCE
Transcribing agency 040a
082 ## - DEWEY DECIMAL CLASSIFICATION NUMBER
Classification number WA 108
Item number T382d 1995
100 ## - MAIN ENTRY--PERSONAL NAME
Personal name Thomson, Madeleine C.
9 (RLIN) 9654
245 ## - TITLE STATEMENT
Title Disease prevention through vector control:
Remainder of title guidelines for relief organisations /
Statement of responsibility, etc. Madleine C Thomson
260 ## - PUBLICATION, DISTRIBUTION, ETC. (IMPRINT)
Place of publication, distribution, etc. London
Name of publisher, distributor, etc. Oxfam
Date of publication, distribution, etc. 1995
300 ## - PHYSICAL DESCRIPTION
Extent i, 127p;
Other physical details ill :
Dimensions 8 cm
504 ## - BIBLIOGRAPHY, ETC. NOTE
Bibliography, etc Includes index
650 ## - SUBJECT ADDED ENTRY--TOPICAL TERM
Topical term or geographic name as entry element Diseasa prevention
9 (RLIN) 9655
942 ## - ADDED ENTRY ELEMENTS (KOHA)
Source of classification or shelving scheme Other/Generic Classification Scheme
Koha item type Open Shelf
Holdings
Withdrawn status Lost status Source of classification or shelving scheme Damaged status Not for loan Home library Current library Date acquired Inventory number Total Checkouts Full call number Barcode Date last seen Price effective from Koha item type
    Other/Generic Classification Scheme     MUST Main Library MUST Main Library 27/06/2016 2006/27424   WA 108 T382d 1995 2016-2751 27/06/2016 27/06/2016 Open Shelf